000 00741Nam#a2200217#a#4500
005 20110513191827.0
008 100902s1985||||ag a |||||||||||||spa d
020 _a950060616X
041 _aspa
082 _a617.71
_21a ed.
092 _c617.71
_aENG
_l21
100 _aEngelstein, Joel M.
245 _aCirugía de las cataratas. Opciones y problemas más frecuentes /
_cJoel M. Engelstein.
250 _a1a ed /
_bTraducción de Eduardo César Gerding.
260 _aBuenos Aires :
_bEditorial Médica Panamericana,
_c1985.
300 _a446 p.
653 _aOftalmología
930 _a1088
_c1
942 _2ddc
_cBK
999 _c679
_d679
952 _aBFM
_bBFM
_70
_p1088
_cCR
_40
_00
_yBK
_10
_o617.71 21 ENG
_d2011-05-13
_tej.1